[Event "Centralserbian-chT 2020"]
[Site "Bajina basta"]
[Date "2020.10.12"]
[Round "3.5"]
[White "Nikolic, Dragovan"]
[Black "Marcetic, Nikola"]
[Result "1/2-1/2"]
[WhiteElo "2192"]
[BlackElo "2329"]
[Annotator "TA"]
[PlyCount "57"]
[EventDate "2020.10.10"]
[EventType "team-tourn"]
[EventCountry "SRB"]
[SourceTitle "playchess.com"]
[Source "ChessBase"]
[SourceQuality "1"]

{[%evp 14,57,15,-4,0,0,17,11,-8,2,14,12,20,9,4,0,14,0,35,0,22,0,0,0,0,0,54,20,16,0,56,56,36,33,148,152,163,145,156,150,139,134,134,0,81,0]} 1. Nf3 d5 2. g3 c6 3. Bg2 Nf6 4. O-O Bg4 5. b3 e6 6. Bb2 Nbd7 7. c4 Bd6 8. d3 Qe7 {A12: English Opening: 1...c6 with b3 by White.} 9. Nbd2 Ba3 10. Qc1 Bxb2 {The position is equal.} 11. Qxb2 a5 12. a3 O-O {[#]} 13. Rfe1 $146 ({Predecessor:} 13. h3 Bxf3 14. Nxf3 e5 15. cxd5 Nxd5 16. e4 Nc7 17. d4 f6 18. Rad1 Nb5 19. b4 axb4 20. axb4 {0-1 (27) Touzane,O (2328)-Pert,N (2483) Montpellier 2003}) 13... e5 14. cxd5 cxd5 15. Nf1 b5 16. Rec1 Rac8 17. Ne3 Bxf3 18. Bxf3 d4 19. Nf1 {[%cal Be3f1,Bf1d2,Bd2c4][%mdl 32]} b4 (19... Nc5 $11) 20. Nd2 Rc3 21. Nc4 Qc5 (21... e4 $11 22. dxe4 Nxe4) 22. axb4 $14 axb4 23. Ra5 Rxc1+ (23... Qe7 $1 $14) 24. Qxc1 $16 Qc7 25. Qd2 Rb8 26. Qa2 g6 27. Ra7 Qc5 28. Ra5 (28. Qa4 $16) 28... Qe7 (28... Qc7 $11 {remains equal.}) 29. Ra7 {Accuracy: White = 75%, Black = 64%.} (29. Bc6 $16) 1/2-1/2

[Event "Centralserbian-chT 2020"]
[Site "Bajina basta"]
[Date "2020.10.12"]
[Round "3.6"]
[White "Zivkovic, Ivan B"]
[Black "Ivanovic, Lazar"]
[Result "1-0"]
[WhiteElo "2330"]
[BlackElo "2108"]
[Annotator "TA"]
[PlyCount "95"]
[EventDate "2020.10.10"]
[EventType "team-tourn"]
[EventCountry "SRB"]
[SourceTitle "playchess.com"]
[Source "ChessBase"]
[SourceQuality "1"]

{[%evp 10,95,-21,-7,9,6,2,0,3,10,29,39,30,37,38,16,26,0,10,0,0,0,0,0,0,0,0,0,0,0,20,26,72,30,27,34,62,12,14,12,9,2,47,0,0,0,0,0,0,0,0,0,0,0,25,0,173,0,0,0,331,155,347,111,134,129,453,197,579,786,762,698,1225,1157,2535,2318,12799,6504,29980,29981,29981,29982,29982,29977,29993,29994,29994,29995]} 1. e4 c5 2. Nc3 Nc6 3. f4 e6 4. Nf3 d5 5. exd5 exd5 6. Bb5 Bg4 {B23: Closed Sicilian: Lines without g3.} 7. O-O Be7 {[#]} 8. h3 $146 ({Predecessor:} 8. Qe1 Bxf3 9. Bxc6+ bxc6 10. Rxf3 Nf6 11. b3 O-O 12. Ba3 Re8 13. d3 c4 14. Bxe7 Rxe7 {½-½ (59) Lopez Idarraga,D (2038)-Mateus,M (2118) Medellin 2012}) 8... Bxf3 {The position is equal.} 9. Qxf3 a6 10. Bxc6+ $1 bxc6 11. b3 Nf6 12. Ba3 Qa5 13. Bb2 O-O 14. Rae1 Rfe8 15. Re2 Bf8 16. Rfe1 Rxe2 17. Rxe2 Re8 18. Na4 Rxe2 19. Qxe2 Ne4 20. d3 Ng3 21. Qe3 Nf5 22. Qe5 Nd4 23. Bc3 (23. c3 $5 {[%cal Rc3d4]} Ne6 24. f5 $16) 23... Qd8 $1 24. Bxd4 cxd4 25. Qxd4 Qe7 {Black wants to play ...Qe1+.} 26. Qf2 Qa3 27. c3 Qc1+ 28. Kh2 Bd6 29. g3 h5 30. h4 Qd1 31. d4 Qg4 32. Kg2 g5 $2 (32... Qd1 $1 $11 {and Black is okay.}) 33. fxg5 $2 (33. hxg5 $18 {And now Qf3 would win.} h4 34. Nc5) 33... Qe4+ $11 34. Qf3 {Black must now prevent Qxe4.} Qe1 $2 {[%mdl 8192]} (34... Qc2+ $1 $11 {and Black stays safe.} 35. Kh3 Qxa2) 35. Nc5 (35. Nb6 $18 {is more deadly.}) 35... Qd2+ $2 {[#]} (35... Bxc5 $16 36. dxc5 Qd2+ 37. Kh3 Qxa2) 36. Kh3 $2 (36. Qf2 $1 $18 {[%cal Rf2d2] is the precise move to win.} Qxc3 37. Nd7 (37. Nxa6 Qd3 $16)) 36... Qe1 $16 37. b4 Bc7 $2 {[%mdl 8192]} (37... Bxg3 $16 38. Nd7 (38. Qxg3 Qh1+ 39. Qh2 Qf3+ {[%mdl 64] Double Attack} 40. Qg3 Qh1+ 41. Qh2 Qf3+ {[%mdl 64] Double Attack} 42. Qg3 Qh1+ $11) (38. Qxh5 Qe3 $11) 38... Qe6+ 39. Kxg3 Qxd7) 38. Nd3 (38. Kg2 $142) 38... Qxc3 $2 {[#]} (38... Qg1 {is tougher.} 39. Nf4 Bxf4 40. gxf4 Kg7) 39. Ne5 $1 $18 Qxf3 40. Nxf3 {[%mdl 4096] Endgame KB-KN} Bb6 41. g4 hxg4+ 42. Kxg4 Kg7 43. Kf5 Ba7 44. h5 {White mates.} Bb6 45. h6+ Kh7 46. Kf6 Kg8 {[#]} 47. h7+ $1 {[%mdl 576] Deflection} Kxh7 48. Kxf7 {Accuracy: White = 68%, Black = 49%.} 1-0

[Event "Centralserbian-chT 2020"]
[Site "Bajina basta"]
[Date "2020.10.12"]
[Round "3.7"]
[White "Brenjo, Slavisa"]
[Black "Dudin, Gleb"]
[Result "1/2-1/2"]
[WhiteElo "2412"]
[BlackElo "2386"]
[Annotator "TA"]
[PlyCount "33"]
[EventDate "2020.10.10"]
[EventType "team-tourn"]
[EventCountry "SRB"]
[SourceTitle "playchess.com"]
[Source "ChessBase"]
[SourceQuality "1"]

{[%evp 12,33,55,51,47,23,25,34,24,13,13,13,6,5,13,5,8,5,12,0,32,31,61,59]} 1. e4 e5 2. Nf3 Nc6 3. Bb5 a6 4. Ba4 Nf6 5. O-O b5 6. Bb3 Bc5 7. a4 $1 {[%mdl 4] now scores much better than the old 7.c3.} Bb7 {C78: Ruy Lopez: Archangelsk and Möller Defences.} ({But not} 7... Nxe4 $2 8. axb5 Ne7 9. Nxe5 $18) 8. axb5 axb5 9. Rxa8 Bxa8 10. d3 O-O 11. Nc3 b4 12. Nd5 Nd4 13. Nxf6+ Qxf6 14. Nxd4 Bxd4 {[#]} 15. Kh1 $146 ({Predecessor:} 15. Bd2 Qe7 16. Qa1 Bc6 17. Kh1 Bc5 18. Qe1 Kh8 19. Be3 h6 20. f3 Ra8 21. Qd2 Bxe3 22. Qxe3 {½-½ (37) David Bordier,C (2278)-Schneider,H (2198) ICCF email 2015}) 15... Bc6 16. f4 d6 17. Qe1 1/2-1/2

[Event "Centralserbian-chT 2020"]
[Site "Bajina basta"]
[Date "2020.10.12"]
[Round "3.9"]
[White "Vratonjic, Slobo"]
[Black "Brankovic, Dejan"]
[Result "1/2-1/2"]
[WhiteElo "2341"]
[BlackElo "2300"]
[Annotator "TA"]
[PlyCount "49"]
[EventDate "2020.10.10"]
[EventType "team-tourn"]
[EventCountry "SRB"]
[SourceTitle "playchess.com"]
[Source "ChessBase"]
[SourceQuality "1"]

{[%evp 13,49,5,26,15,15,16,11,23,13,10,7,-42,-42,-29,-29,-39,-12,-15,-14,-23,-21,-47,-50,-43,-39,-41,-47,-42,-36,-33,-27,-22,-35,-27,0,0,0,-24]} 1. e4 c5 2. Nf3 d6 3. c3 Nf6 4. Be2 g6 5. O-O Bg7 6. Bb5+ Bd7 7. Bxd7+ Nfxd7 ({Don't play} 7... Kxd7 $6 8. d4 $16) 8. d4 {B50: Sicilian: 2...d6, Miscellaneous.} cxd4 9. cxd4 O-O 10. Nc3 Nc6 11. Be3 Qa5 {[#]} 12. d5 $146 ({Predecessor:} 12. Qe2 Qh5 13. Rfd1 Nb6 14. h3 d5 15. e5 f5 16. Ng5 f4 17. Qxh5 gxh5 18. Bc1 Nd8 19. b3 Rc8 20. Ne2 Bh6 21. Nf3 Nc6 22. Ba3 {½-½ (22) Petrosian,S (2429)-Gutman,L (2501) Kiel 2003}) 12... Nce5 13. Nxe5 Nxe5 14. Bd4 Qb4 15. Ne2 Rfc8 16. h3 Rc7 17. f4 {[#] Strongly threatening a3.} Nd7 18. Bxg7 Kxg7 19. Qd4+ Qxd4+ 20. Nxd4 Rc4 21. Rad1 Nf6 22. Rfe1 Nh5 23. Rf1 Ng3 {[#] Hoping for ...Rxd4.} 24. Rfe1 Nh5 25. Rf1 {Accuracy: White = 85%, Black = 92%.} 1/2-1/2

[Event "Centralserbian-chT 2020"]
[Site "Bajina basta"]
[Date "2020.10.12"]
[Round "3.10"]
[White "Topalov, Aleksandar"]
[Black "Simonovic, Aleksandar"]
[Result "1/2-1/2"]
[WhiteElo "2228"]
[BlackElo "2375"]
[Annotator "TA"]
[PlyCount "33"]
[EventDate "2020.10.10"]
[EventType "team-tourn"]
[EventCountry "SRB"]
[SourceTitle "playchess.com"]
[Source "ChessBase"]
[SourceQuality "1"]

{[%evp 9,33,-3,0,4,21,4,10,-6,-10,-21,0,0,0,-41,-35,-50,-32,-50,-49,-75,-95,-91,-89,-129,-124,-114]} 1. b3 e5 2. Bb2 Nc6 3. c4 g6 4. Nc3 Bg7 5. g3 {[#]} h5 $146 ({Predecessor:} 5... d6 6. Bg2 f5 7. d3 Nf6 8. e3 Be6 9. d4 Bf7 10. Bxc6+ bxc6 11. dxe5 Ng4 12. exd6 cxd6 {½-½ (40) Narayanan,S (2540)-Sunilduth Lyna,N (2618) chess.com INT 2020}) 6. h4 {A01: Nimzowitsch-Larsen Opening.} Nh6 7. Nf3 O-O 8. Nd5 {The position is equal.} d6 9. Qc2 Bf5 10. d3 Nd4 11. Bxd4 exd4 12. Bg2 Re8 13. O-O Bg4 14. Rae1 c6 {Black is better.} 15. Nf4 Nf5 16. b4 Bh6 17. Nh3 {Black took control after the opening. Accuracy: White = 74%, Black = 100%.} 1/2-1/2

[Event "Centralserbian-chT 2020"]
[Site "Bajina basta"]
[Date "2020.10.12"]
[Round "3.11"]
[White "Ravic, Nenad"]
[Black "Dezelin, Milan"]
[Result "1-0"]
[WhiteElo "2241"]
[BlackElo "1984"]
[Annotator "TA"]
[PlyCount "57"]
[EventDate "2020.10.10"]
[EventType "team-tourn"]
[EventCountry "SRB"]
[SourceTitle "playchess.com"]
[Source "ChessBase"]
[SourceQuality "1"]

{[%evp 16,57,0,-12,75,2,0,-39,20,19,22,27,27,0,35,51,90,84,165,157,359,345,297,96,122,121,112,117,165,155,225,229,446,433,689,691,1410,1059,29996,29997,29997,29998,29998,29999]} 1. e4 c5 2. Nf3 d6 3. d4 cxd4 4. Nxd4 Nf6 5. Nc3 a6 6. Bc4 e6 7. Bb3 Nbd7 8. Bg5 Nc5 9. Qe2 Qa5 {B86: Sicilian Scheveningen/Najdorf: 6 Bc4, without early ...b5.} (9... Be7 $11) 10. Bd2 (10. Bxf6 $1 $16 {And now Bh4 would win.} gxf6 11. O-O) 10... Qc7 $11 11. g4 Be7 ({Black should play} 11... g6 $15) 12. g5 Nfd7 13. f4 b5 14. O-O-O {[#]} Nb6 $146 {aiming for ...b4.} ({Predecessor:} 14... Bb7 15. Rhe1 Rc8 16. Kb1 Nb6 17. a3 Nba4 18. Bxa4 bxa4 19. h4 Rb8 20. Bc1 O-O 21. f5 Rfc8 {1-0 (42) Adocchio,G (2174)-Mages,S (2037) Reykjavik 2016}) 15. a3 $1 Bd7 16. Kb1 Nca4 (16... O-O $16) 17. f5 {Threatens to win with g6.} Nxc3+ $2 (17... e5 $16 {was necessary.}) 18. Bxc3 $18 {[%cal Rf5e6]} ({Stronger than} 18. bxc3 Nc4 $15) 18... Nc4 {[#]} 19. g6 $2 (19. Nxe6 $1 $18 {[%mdl 512]} Bxe6 20. fxe6) 19... hxg6 $16 20. fxe6 fxe6 21. Qg4 Ne5 22. Qg3 ({Inferior is} 22. Nxe6 Qxc3 23. Nxg7+ Kd8 $11) 22... Bh4 (22... O-O-O $16 {was worth a try.}) 23. Qh3 $18 Ke7 $2 (23... O-O-O) 24. Nxe6 {[%mdl 64] [#] Double Attack} Qc8 (24... Rac8 $142 25. Bb4 Bf6 26. Qxh8 Bxe6 27. Bxd6+ Qxd6 28. Rxd6 Kxd6) 25. Rxd6 Bf6 26. Qg3 Kxd6 27. Bb4+ {White mates.} Kc6 28. Bd5+ {[%mdl 64] Skewer} Kb6 29. Qe3+ {Accuracy: White = 53%, Black = 20%.} 1-0

[Event "Centralserbian-chT 2020"]
[Site "Bajina basta"]
[Date "2020.10.12"]
[Round "3.12"]
[White "Dimitrijevic, Nenad"]
[Black "Djakovac, Enes"]
[Result "1-0"]
[WhiteElo "2142"]
[BlackElo "2165"]
[Annotator "TA"]
[PlyCount "85"]
[EventDate "2020.10.10"]
[EventType "team-tourn"]
[EventCountry "SRB"]
[SourceTitle "playchess.com"]
[Source "ChessBase"]
[SourceQuality "1"]

{[%evp 11,85,0,8,0,0,0,0,-14,0,-9,0,-8,-5,-7,0,0,80,68,133,120,126,124,127,127,126,110,109,115,112,88,99,91,100,76,100,64,70,73,72,64,89,87,118,137,134,121,173,136,138,118,133,76,71,88,91,75,155,162,370,377,570,559,489,480,1290,1307,5816,4686,6693,6814,29978,29979,29980,29980,29978,29977]} 1. d4 Nf6 2. Nf3 e6 3. Bf4 d5 4. e3 Be7 5. Nbd2 O-O 6. Bd3 Nbd7 7. O-O {D02: 1 d4 d5 2 Nf3 sidelines, including 2...Nf6 3 g3 and 2...Nf6 3 Bf4.} Nh5 8. Ne5 Nxf4 9. exf4 {The position is equal.} c5 {[#]} 10. Nxd7 $146 ({Predecessor:} 10. c3 cxd4 11. cxd4 g6 12. Ndf3 Qb6 13. Qd2 Nxe5 14. fxe5 Bd7 15. Rfc1 Rfc8 16. h3 {0-1 (52) Nguyen,T-Pham,M (1965) Ho Chi Minh City 2015}) 10... Bxd7 11. dxc5 Bxc5 12. c3 Qf6 13. g3 $40 {[%mdl 128] White attacks.} e5 {[#]} (13... Rfe8 $11) 14. Qh5 $1 $16 {[%csl Gd3][%cal Rh5h7][%mdl 512]} e4 {[#]} (14... g6 $14 15. Qxe5 Qxe5 16. fxe5 f6) 15. Nxe4 $1 {[%mdl 512]} dxe4 16. Bxe4 {[%csl Ge4][%cal Rh5h7][%mdl 64] Double Attack} Bxf2+ 17. Rxf2 {[%csl Ge4][%cal Rh5h7]} ({Reject} 17. Kxf2 $6 Qb6+ 18. Kg2 g6 $11) 17... g6 18. Qf3 Bc6 19. Bxc6 bxc6 20. Rd1 Rad8 21. Rxd8 (21. Re1 {is more complex.} Rfe8 22. Rxe8+ Rxe8 23. Re2 Rd8 24. Kf2) 21... Rxd8 {[%mdl 4096] Endgame KQR-KQR} 22. f5 Kg7 23. fxg6 (23. Kg2 {keeps more tension.} g5 24. b4 Re8 25. a4 Re1 26. Rf1) 23... Qxf3 24. Rxf3 {Strongly threatening gxh7.} hxg6 {KR-KR} 25. Kg2 Rd5 26. Rf2 a5 27. Kf3 a4 28. Ke3 a3 (28... f5 $16 29. Rf4 Ra5) 29. bxa3 Ra5 30. Kd4 Rxa3 31. Kc4 (31. Kc5 $142) 31... Ra5 32. Kb4 Rb5+ 33. Ka4 Rc5 (33... f5 $142) 34. Rc2 f5 $2 {[#]} (34... Rb5 35. c4 Rb1) 35. c4 $1 $18 Kf6 (35... Kf7 {is a better defense.} 36. Kb4 Re5) 36. Kb4 Re5 37. a4 {[%cal Ba2a4,Ba4a5,Ba5a6,Ba6a7][%mdl 32]} g5 (37... Re8 $142 38. Kc5 Ra8) 38. a5 f4 39. gxf4 gxf4 40. a6 Kf5 41. a7 {White mates.} Re8 42. Kc5 Ra8 43. Kb6 {Accuracy: White = 91%, Black = 47%.} 1-0

[Event "Centralserbian-chT 2020"]
[Site "Bajina basta"]
[Date "2020.10.12"]
[Round "3.13"]
[White "Narancic, Vlado"]
[Black "Celik, Hasan Huseyin"]
[Result "0-1"]
[WhiteElo "2281"]
[BlackElo "1970"]
[Annotator "TA"]
[PlyCount "82"]
[EventDate "2020.10.10"]
[EventType "team-tourn"]
[EventCountry "SRB"]
[SourceTitle "playchess.com"]
[Source "ChessBase"]
[SourceQuality "1"]

{[%evp 16,82,30,39,30,20,23,-17,-4,-45,-35,-76,-64,-66,-20,-37,0,0,44,-58,36,-48,-18,-19,-19,-19,33,6,4,-46,-44,-53,-49,-62,-53,-57,-68,-117,-107,-116,-117,-164,-172,-247,-249,-250,-253,-252,-172,-171,-173,-274,-264,-300,-310,-304,-300,-295,-298,-331,-327,-308,-166,-306,-297,-300,-275,-414,-420]} 1. e4 e6 2. d3 d5 3. Nd2 c5 4. c3 Nf6 5. Ngf3 Nc6 6. g3 Be7 7. Bg2 dxe4 8. dxe4 e5 9. O-O Qc7 {A08: King's Indian Attack.} 10. Qe2 Be6 {[#]} 11. a3 $146 ({Predecessor:} 11. Nh4 g6 12. Nc4 O-O-O 13. Nf3 h6 14. a4 g5 15. a5 a6 16. h4 gxh4 17. Nxh4 h5 18. Nf5 Rdg8 19. Nh6 Rd8 20. Nf5 Rdg8 21. Nh6 Rd8 22. Nf5 Rdg8 {½-½ (22) Zarate,J (2311)-Mary,P (2558) ICCF email 2010}) 11... O-O {The position is equal.} 12. b4 Rfd8 13. b5 Na5 14. c4 $1 Nd7 15. Bb2 a6 16. a4 f6 17. Rfc1 ({White has to play} 17. Bc3 $1 $14) 17... Nf8 ({Black should try} 17... Nb6 $15) 18. Bf1 (18. Rcb1 $14) 18... Bf7 19. Nh4 Ne6 20. Nf5 Bg6 (20... Nd4 $11 21. Bxd4 cxd4) 21. Ra3 Nd4 22. Nxe7+ Qxe7 23. Qe3 b6 24. Kg2 Bf7 25. Bc3 Nb7 26. a5 {Black converts the advantage convincingly.} axb5 (26... Nxa5 $6 27. Bxa5 bxa5 28. Rxa5 $11) 27. cxb5 bxa5 ({Don't do} 27... Nxa5 28. Bxa5 bxa5 29. Qc3 $15) 28. b6 a4 29. Bxd4 (29. Kg1 $142) 29... cxd4 $19 30. Qf3 Qb4 $1 {[%csl LRb6,LRd2]} 31. Bc4 Qxb6 ({Inferior is} 31... Qxd2 32. Bxf7+ Kxf7 33. Rc7+ Kg8 {[#]} 34. Qg4 $1 $11 {[%mdl 512]}) 32. Bxf7+ Kxf7 33. Rb1 (33. Nc4 $142 Qe6 34. Nb2) 33... Qc6 34. Nc4 {[#] And now Nxe5+ would win.} Kg8 ({Weaker is} 34... Qxc4 35. Rxb7+ Kf8 36. Qg4 $17) 35. Nb6 Ra7 36. Rxa4 Rxa4 37. Qb3+ Kh8 38. Nxa4 Na5 (38... Qxe4+ $142 39. Kg1 d3) 39. Qb5 (39. Qd5 $142 Qxd5 40. exd5) 39... Qxe4+ 40. Kg1 {White hopes to continue with Nc5.} Nc6 41. Rc1 (41. Nc5 {was called for.} Qd5 42. Nb7 Qxb5 43. Rxb5) 41... d3 {Accuracy: White = 40%, Black = 59%.} 0-1

[Event "Centralserbian-chT 2020"]
[Site "Bajina basta"]
[Date "2020.10.12"]
[Round "3.15"]
[White "Bozic, Milan"]
[Black "Marinkovic, Ivan"]
[Result "1/2-1/2"]
[WhiteElo "2270"]
[BlackElo "2451"]
[Annotator "TA"]
[PlyCount "25"]
[EventDate "2020.10.10"]
[EventType "team-tourn"]
[EventCountry "SRB"]
[SourceTitle "playchess.com"]
[Source "ChessBase"]
[SourceQuality "1"]

{[%evp 18,25,10,-21,25,20,17,-13,-6,-12]} 1. c4 c5 2. Nf3 Nf6 3. g3 b6 4. Bg2 Bb7 5. Nc3 g6 6. O-O Bg7 7. d3 O-O 8. Bg5 h6 9. Bd2 Nc6 {has lost popularity (9...d5).} 10. a3 Nd4 {A30: Symmetrical English: Double Fianchetto and Hedgehog.} 11. Nxd4 Bxg2 {[#]} 12. Kxg2 $146 {[#] aiming for Nc2.} (12. Ne6 $5 fxe6 13. Kxg2 $11) ({Predecessor:} 12. Ne6 dxe6 13. Kxg2 Qd7 14. b4 Rfd8 15. f3 Rac8 16. Rb1 Ne8 17. Qc1 Kh7 18. Be3 {1-0 (35) Georgiev,V (2564)-Hernando Rodrigo,J (2323) Sitges 2000}) 12... cxd4 13. Nd5 {Not much happened in this game.} 1/2-1/2

[Event "Centralserbian-chT 2020"]
[Site "Bajina basta"]
[Date "2020.10.12"]
[Round "3.16"]
[White "Novoselski, Zoran"]
[Black "Popovic, Nenad"]
[Result "1-0"]
[WhiteElo "2318"]
[BlackElo "2249"]
[Annotator "TA"]
[PlyCount "67"]
[EventDate "2020.10.10"]
[EventType "team-tourn"]
[EventCountry "SRB"]
[SourceTitle "playchess.com"]
[Source "ChessBase"]
[SourceQuality "1"]

{[%evp 9,67,-10,29,32,33,19,21,22,11,0,-19,-12,-25,-41,-35,-63,-51,-57,-61,-91,-80,-100,-64,-72,-17,-17,-18,-28,-26,-39,-35,-33,-22,-67,-43,-40,0,-56,27,26,25,-48,-48,-51,0,0,0,0,0,0,14,0,0,-10,15,15,218,203,630,622]} 1. g3 d5 2. Bg2 g6 3. c4 d4 4. Nf3 Bg7 5. d3 {[#]} h5 $146 ({Predecessor:} 5... e5 6. O-O a5 7. Na3 Ne7 8. Nc2 Nbc6 9. Rb1 O-O 10. Nd2 b6 11. b3 Bb7 12. a3 Qc8 13. Nf3 Nd8 {1-0 (62) Van Wely,L (2675)-Van Foreest,J (2606) Amsterdam 2017}) 6. b4 {[%cal Bb2b4,Bb4b5][%mdl 32] A09: Réti Opening: 1 Nf3 d5 2 c4.} Nh6 7. a4 a5 8. b5 {The position is equal.} c5 9. Ra2 Nf5 10. h3 Ra7 11. Bf4 Nd7 12. Qc1 e5 13. Bd2 b6 14. Ng5 Bb7 15. Ne4 Qc7 16. O-O Nf6 ({Black should try} 16... O-O $17) 17. Nxf6+ $1 $11 Bxf6 18. e4 dxe3 19. Bxe3 Bxg2 20. Kxg2 Qd8 21. Rd1 Rd7 22. Nc3 Rxd3 23. Rad2 (23. Rxd3 $11 Qxd3 24. Nd5) 23... Qa8+ ({Black should play} 23... Rxd2 $15 24. Qxd2 Nd4) 24. Nd5 $1 Rxd2 25. Rxd2 (25. Bxd2 $11 O-O 26. Bg5) 25... O-O $15 26. Qd1 Nd4 (26... Qd8 $15) 27. Bxd4 $1 $11 exd4 28. Qf3 $36 {[%mdl 2048] White fights for an advantage.} Bd8 29. Re2 Qb8 30. Qe4 Qd6 31. f4 Bf6 32. f5 Kg7 $2 {[#]} (32... Bd8 $11 {and Black is okay.}) 33. fxg6 $18 fxg6 $2 (33... Bg5 34. h4 Be3) 34. Nf4 {Accuracy: White = 80%, Black = 55%.} 1-0

[Event "Centralserbian-chT 2020"]
[Site "Bajina basta"]
[Date "2020.10.12"]
[Round "4.1"]
[White "Delchev, Aleksander"]
[Black "Brenjo, Slavisa"]
[Result "1-0"]
[WhiteElo "2548"]
[BlackElo "2412"]
[Annotator "TA"]
[PlyCount "77"]
[EventDate "2020.10.10"]
[EventType "team-tourn"]
[EventCountry "SRB"]
[SourceTitle "playchess.com"]
[Source "ChessBase"]
[SourceQuality "1"]

{[%evp 14,77,16,0,28,0,0,-3,32,23,28,25,34,28,27,30,25,6,14,11,15,11,20,17,39,42,31,20,31,20,101,74,91,15,122,109,212,216,227,223,220,222,218,216,181,212,208,210,209,208,190,129,133,129,131,129,114,113,250,91,97,0,0,0,0,0]} 1. Nf3 Nf6 2. d4 g6 3. Nbd2 Bg7 4. e4 d6 5. Bd3 O-O 6. O-O Nc6 7. c3 e5 8. Re1 h6 {B07: Pirc Defence: Miscellaneous Systems.} 9. Nf1 {[#]} exd4 $146 ({Predecessor:} 9... Nh5 10. Ne3 Nf6 11. Bc2 Re8 12. d5 Ne7 13. c4 Nh7 14. Nh4 Bf6 15. Nf3 Bg7 16. g4 {0-1 (58) Carlsen,M (2802)-Radjabov,T (2744) Moscow 2010}) 10. Nxd4 Ne5 11. Bc2 c5 12. Nb5 Ne8 13. Na3 Rb8 14. f4 Nc6 $1 15. Nc4 b5 {[%cal Bb7b5,Bb5b4][%mdl 32]} 16. Nce3 $1 b4 17. Bd2 Nf6 18. Qf3 $36 {[%mdl 2048] White fights for an advantage.} Bb7 19. Rad1 Re8 20. Ng3 bxc3 21. bxc3 ({Of course not} 21. Bxc3 Nd4 $15) 21... Na5 (21... h5 $11) 22. Bc1 $16 h5 23. h4 (23. f5 $1 $16) 23... Bf8 (23... Kh8 $11) 24. f5 Re5 (24... Bg7 $16) 25. Rf1 {aiming for fxg6.} Bg7 26. Nd5 Bxd5 27. exd5 Ng4 28. Bg5 ({Worse is} 28. fxg6 Qxh4 29. gxf7+ Kf8 $11) 28... Qe8 29. fxg6 fxg6 {and if ...Rb2 works, Black does fine.} 30. Nxh5 $1 Rxg5 31. hxg5 Qe3+ {[#]} 32. Qxe3 ({Better is} 32. Kh1 $1 $18 {White threatens Qf7+! and mate.} Qxf3 33. gxf3) 32... Nxe3 33. Bxg6 {Strongly threatening Rb1.} Nxd1 34. Bf7+ Kh7 35. Rxd1 Bxc3 {[#]} (35... Nc4 $16) 36. Rd3 $2 (36. Kf2 $1 $18 {is the precise move to win.}) 36... Bd4+ 37. Rxd4 (37. Kh2 $16) 37... cxd4 $11 38. g6+ Kh6 {And now ...d3 would win.} 39. g7 {[%mdl 32768] Accuracy: White = 77%, Black = 63%. . Loss on time!?} 1-0

[Event "Centralserbian-chT 2020"]
[Site "Bajina basta"]
[Date "2020.10.12"]
[Round "4.3"]
[White "Radovanovic, Nikola"]
[Black "Vratonjic, Slobo"]
[Result "1-0"]
[WhiteElo "2377"]
[BlackElo "2341"]
[Annotator "TA"]
[PlyCount "64"]
[EventDate "2020.10.10"]
[EventType "team-tourn"]
[EventCountry "SRB"]
[SourceTitle "playchess.com"]
[Source "ChessBase"]
[SourceQuality "1"]

{[%evp 11,64,39,35,35,20,34,50,27,31,26,41,0,0,11,29,0,0,0,74,-10,156,0,0,-13,196,204,204,209,212,179,250,246,661,285,317,224,485,487,1116,1185,3058,3125,3037,2911,2577,2337,29990,2535,1779,995,29987,29984,29990,29991,29996]} 1. e4 c5 2. Nf3 e6 3. d4 cxd4 4. Nxd4 Nc6 5. Nc3 Qc7 6. Be3 a6 7. Qf3 $1 {[%mdl 4] is more profitable than 7.Qd2 at the moment. B48: Sicilian: Taimanov: 5 Nc3 Qc7 6 Be3 a6 without Be2.} Nf6 8. O-O-O Be7 9. Nxc6 {White is slightly better.} bxc6 10. g4 d5 11. g5 (11. exd5 cxd5 12. g5 Nd7 $15) 11... Nd7 12. Kb1 Rb8 {[#]} 13. Bc1 $146 ({Predecessor:} 13. h4 Qa5 14. Bc1 O-O 15. b3 Bd6 16. Bb2 Be5 17. Qe3 Qb6 18. Qd2 Qc7 19. Na4 {1-0 (35) Schaub,J-Dominguez Ortega,L ICCF email 2017}) 13... O-O 14. h4 f5 (14... f6 $1 $11) 15. exf5 (15. exd5 $16 cxd5 16. Nxd5 exd5 17. Bf4) 15... exf5 $2 ({Black should play} 15... Rxf5 $11 16. Qe2 Nc5) 16. Bg2 $2 (16. Bf4 $16 Qb7 17. Bxb8 Qxb8 18. Na4) 16... Ne5 $11 17. Qe2 f4 $2 {[#] Now Black is done in.} (17... Bd6 $1 $11) 18. Bxd5+ $1 $18 {[%mdl 512]} Kh8 ({Much weaker is} 18... cxd5 $6 19. Nxd5 Qd6 20. Rhe1) 19. f3 $1 Bb4 {next ...Bxc3 is good for Black.} 20. Bb3 Bxc3 (20... a5 $142) 21. bxc3 {[%cal Bb2c3,Bc3c4][%mdl 32] Hoping for Bxf4!} c5 $2 {[#]} (21... Bf5 22. Rhe1 Nd7) 22. Rhe1 (22. Bxf4 $142 $1 {[%mdl 512]} c4 {[%mdl 64] Pin} (22... Rxf4 23. Qxe5) 23. Bxe5) 22... Nc6 23. Bb2 Bb7 $2 (23... Bf5 {was called for.} 24. Rd5 (24. Qxa6 Bg6 $16) 24... Bg6) 24. h5 Na5 (24... Qe5 $142 25. Qxe5 Nxe5 26. Rxe5 Bxf3) 25. c4 Nc6 26. h6 Nd4 27. Rxd4 cxd4 28. Bxd4 Rfd8 29. Bxg7+ (29. Qe6 $142 Rg8 30. hxg7+ Qxg7 {[#]} 31. Rh1 $1 {[%mdl 512]} Rgd8 32. Bxg7+ Kxg7 33. Qe7+ Kg8 34. Rxh7 Rd1+ 35. Kb2 Rb1+ 36. Kxb1 Bxf3 37. Qg7#) 29... Kg8 {[#]} 30. Be5 $1 {[%mdl 64] Skewer} Qd7 31. Bxb8 Rxb8 {[#]} 32. Qe5 $1 {[%mdl 64] Double Attack} Qf7 {Accuracy: White = 61%, Black = 35%.} 1-0